000 01521nam a22004697a 4500
001 BR2011002703
003 BR-BrBNA
005 20230928103717.0
007 ta
008 230509b bl.||||| |||| 00| 0 por d
040 _aBR-BrBNA
_bpor
_cBiblioteca Nacional de Agricultura
041 _a(Eng, Por)
072 _aF30
_b0210
090 _ 0210 BR2011002703
100 1 _aJuliatti, F.C. (eds.)
100 1 _aLuz, J.M.Q.
100 1 _aCarvalho, J.O.M. de
100 1 _aMelo, L.C.
100 1 _aSantos, M.A. dos
100 1 _aLucas, M.B.
100 1 _aLana, R.M.Q.
110 1 _aAssociação Brasileira da Batata, Uberlândia, MG (Brasil)
_9775
110 1 _aUniversidade Federal de Uberlândia, MG, (Brasil). Inst. de Ciências Agrárias
_910961
111 1 _a11. Encontro Nacional de Produção e Abastecimento de Batata7. Seminário Nacional de Batata Semente
_cUberlândia, MG (Brazil)
_d19-21 Sep 2001
245 1 _aAnais: resumos expandidos batata brasileira
260 3 _aUberlândia, MG (Brasil):
_c2001.
300 _a124 p.
500 _aIncludes several bibliographies.; Summaries (Eng, Spa).; 14 illus.; 22 tables
650 _aBATATA
650 _aCADEIA PRODUTIVA
650 _aHERBICIDA
650 _aPERFORMANCE
650 _aALTERNARIA SOLANI
650 _aPINTA PRETA
650 _aVIROSE VEGETAL
650 _aCLONE
650 _aVARIEDADE RESISTENTE
650 _aPRODUTIVIDADE
650 _aHIBRIDO
909 _a202309
_bLucia
_c55
_dLucia Elande
942 _cBK
999 _c76266
_d76266